Library Banner

Principles of stem cell biology and cancer : (Record no. 104664)

MARC details
000 -LEADER
fixed length control field 00770cam a22002418i 4500
001 - CONTROL NUMBER
control field 18415254
005 - DATE AND TIME OF LATEST TRANSACTION
control field 20180508103636.0
008 - FIXED-LENGTH DATA ELEMENTS--GENERAL INFORMATION
fixed length control field 141222s2015 enk b 001 0 eng
020 ## - INTERNATIONAL STANDARD BOOK NUMBER
International Standard Book Number 9781118670620 (cloth)
040 ## - CATALOGING SOURCE
Transcribing agency PK-LaUMT
082 00 - DEWEY DECIMAL CLASSIFICATION NUMBER
Classification number 616.99402774
Edition number 23
Item number PRI-
245 00 - TITLE STATEMENT
Title Principles of stem cell biology and cancer :
Remainder of title future applications and therapeutics /
Statement of responsibility, etc edited by Tarik Regad, Thomas Sayers, and Robert Rees
260 ## - PUBLICATION, DISTRIBUTION, ETC. (IMPRINT)
Place of publication, distribution, etc Chichester :
Name of publisher, distributor, etc Wiley Blackwell,
Date of publication, distribution, etc 2015
300 ## - PHYSICAL DESCRIPTION
Extent 362 p. ;
650 12 - SUBJECT ADDED ENTRY--TOPICAL TERM
Topical term or geographic name as entry element Neoplastic Stem Cells.
650 22 - SUBJECT ADDED ENTRY--TOPICAL TERM
Topical term or geographic name as entry element Cell- and Tissue-Based Therapy
General subdivision methods.
650 22 - SUBJECT ADDED ENTRY--TOPICAL TERM
Topical term or geographic name as entry element Neoplasms
General subdivision therapy.
650 22 - SUBJECT ADDED ENTRY--TOPICAL TERM
Topical term or geographic name as entry element Stem Cells.
700 1# - ADDED ENTRY--PERSONAL NAME
Personal name Regad, Tarik,
700 1# - ADDED ENTRY--PERSONAL NAME
Personal name Sayers, Thomas,
700 1# - ADDED ENTRY--PERSONAL NAME
Personal name Rees, Robert C.,
942 ## - ADDED ENTRY ELEMENTS (KOHA)
Koha item type Books
Holdings
Withdrawn status Lost status Damaged status Home library Current library Date acquired Full call number Barcode Date last seen Price effective from Koha item type
      UMT Main Campus UMT Main Campus 2018-05-08 616.99402774 PRI- 120568 2018-05-08 2018-05-08 Books